000
00218 a2200097 4500
001
27558
100
_a
Benge, R.C
245
_a
Libraries and cultural change
260
_a
_b
Clive bingley
_c
1970
090
_c
18346
_d
18346
942
_a
NUST-CAE
_c
M
_c
9276
999
_c
262631
_d
262631